International trade in health services and the gats: current issues and debates /
Guardado en:
| Andre forfattere: | , , |
|---|---|
| Format: | Texto |
| Udgivet: |
Washington, D.C.:
The World Bank
|
| Tags: |
Tilføj Tag
Ingen Tags, Vær først til at tagge denne postø!
|
MARC
| LEADER | 00000 a a2200000 04500 | ||
|---|---|---|---|
| 001 | 48036 | ||
| 003 | |||
| 040 | |||
| 020 | |a 08213-6211-9 | ||
| 090 | |a 0002 B657i | ||
| 100 | |a Blouin, Chantal |e editor | ||
| 245 | |a International trade in health services and the gats: |b current issues and debates / |c edite by Chantal Blouin, Nick Drager and Richard Smith | ||
| 260 | |a Washington, D.C.: |b The World Bank | ||
| 300 | |a 312 páginas : |b tablas | ||
| 700 | |a Drager, Nick, editor | ||
| 700 | |a Smith, Richard, editor | ||
| 999 | |c 13936 |d 13936 | ||



